000 00747nam a2200229 a 4500
001 000033264
005 20250519123339.0
008 110823s1943 dr c 000 0 spa d
040 _aDO-SdBNP
_bspa
_cBNPHU
082 _a618.2
_bC678c
100 1 _aCohen, R. R.
_958875
245 1 0 _aCuestiones obstétricas :
_bprimera serie /
_cR. R. Cohen ; prefacio José Ramírez Olivella.
260 _aCiudad Trujillo, República Dominicana :
_bMontalvo.,
_c1943.
300 _a251 p. ;
_c22 cm.
500 _aIncluye índice
500 _aPrimera serie
590 _aInventariado, 2018/ YL
650 4 _aObstetricia
_920060
650 0 _aEmbrazo
_91406
700 1 2 _aRamírez Olivella, José
_epref.
_958876
910 _aValidado. Conrol de calidad MFF
999 _c32755
_d32755